| 000 | 00882nam a2200241 a 4500 | ||
|---|---|---|---|
| 001 | 74056 | ||
| 003 | BD-RjUL | ||
| 005 | 20211209082502.0 | ||
| 008 | 180207s2016 bg a|||| i||| 001 0 ben d | ||
| 020 |
_a9789849184881 _cTK. 300.00 |
||
| 035 | _a(BD-RjUL)74274 | ||
| 040 |
_aBD-RjUL _beng _cBD-RjUL |
||
| 041 | _aben | ||
| 082 |
_223 _a915.5 _bRAI 2016 |
||
| 100 |
_aরশিদ, মো. মুমিত _9220085 |
||
| 245 | 1 | 0 |
_aইরানের পথে - পান্তরে / _c মো. মুমিত আল রশিদ, |
| 260 |
_aঢাকা : _bকাকলী প্রকাশনী্ , , _c২০১৬ |
||
| 300 |
_a২৩০ পৃ. : _bছবি ; _c২২ সেমি। |
||
| 500 | _aইনডেক্স সম্বলিত | ||
| 651 |
_aইরান _vইতিহাস _9220086 |
||
| 651 |
_aIran _vHistory _9220087 |
||
| 942 |
_2ddc _cBK |
||
| 999 |
_c74056 _d74056 |
||